000 00642nam a2200241Ia 4500
003 OSt
005 20221006165218.0
006 a|||||r|||| 00| 0
007 ta
008 221006b |||||||| |||| 00| 0 eng d
024 _a385
037 _cTextual
040 _aFML
_cFML
_beng
041 _2eng
_aeng
082 _aV564:71, K4
100 _aDaniel Glyn Au.
_9679331
245 0 _aNew Grange
260 _aLondon
_bThames & Hudson
_c1964
300 _a218
_ccm.
700 _a Oriordain Sean P Au.
_9679332
942 _hV564:71, K4
_cTEXL
_2CC
999 _c1120014
_d1120014